| 000 | 00798 a2200181 4500 | ||
|---|---|---|---|
| 003 | Nust | ||
| 005 | 20170207154430.0 | ||
| 040 | _cNust | ||
| 082 | _a050 | ||
| 100 | _aMaj Gen Athar Abbas | ||
| 245 |
_aHilal July-2009 _cMaj Gen Athar Abbas |
||
| 250 | _a1, Vol 46 | ||
| 260 |
_aRawalpindi _bISPR _c2009 |
||
| 300 | _aUrdu 60 & English 40 p.; | ||
| 505 | _aQuaid and The Armed Forces (Page-4) Heroes Die Young (Page-5) Reverend Ghazis (Page-11) Food for Thought (Page-13) Pages from Military History (Page-16) Scourge of Terrorism (Page-19) Humour in Uniform (Page-27) View Point (Page-26) Travelogue and Adventure (Page-28) Book Corner (Page-29) Health Watch (Page-31) Miscellaneous (Page-6) Picture Gallery (Page-37) | ||
| 538 | _aAlmirah No.137 Shelf No.5 | ||
| 651 | _aPakistan Armed Forces Magazine | ||
| 942 | _cMAGS | ||
| 999 |
_c197602 _d197602 |
||